Statistics for States That Beat New Mexico

Click here to take the quiz!

General Stats

  • This quiz has been taken 134 times
  • The average score is 13 of 15

Answer Stats

RankCategoryAnswer% Correct
8Highest Maximum ElevationAlaska | California | Colorado | Washington | Wyoming | Hawaii | Utah
99%
5Largest by AreaAlaska | Texas | California | Montana
99%
6Least Densely PopulatedAlaska | Wyoming | Montana | North Dakota | South Dakota
97%
5Most RectangularColorado | Wyoming | Kansas | North Dakota
97%
5Shortest International BorderCalifornia | Vermont | New Hampshire | Idaho
95%
4(t)Most Venomous Snake SpeciesArizona | Texas | Alabama | California(t) | Georgia(t) | Oklahoma(t)
93%
5Least PrecipitationNevada | Utah | Wyoming | Arizona
93%
4Newest Date of AdmissionHawaii | Alaska | Arizona
91%
4Poorest by Median IncomeWest Virginia | Mississippi | Arkansas
88%
7Highest % Gun OwnershipAlaska | Arkansas | Idaho | West Virginia | Wyoming | Montana
86%
3Least % WhiteHawaii | California
83%
10Most Populous State Without a NFL, MLB, NBA, or NHL TeamVirginia | South Carolina | Alabama | Kentucky | Connecticut | Iowa | Arkansas | Mississippi | Kansas
77%
2(t)Most CatholicRhode Island | Massachusetts(t) | New Jersey(t)
70%
2Highest % Native AmericanAlaska
65%
5Highest Per Capita Traffic DeathsMississippi | Wyoming | South Carolina | Alabama
62%

Score Distribution

Percentile by Number Answered

Percent of People with Each Score

Your Score History

You have not taken this quiz